00329cam a22001097a 4500008004000000082001500040100002000055245005400075260003600129300001000165650004400175180718b1973 xxu||||| |||| 00| 0 eng d aF5x54 Sa58 aSankhdher, M.M. aReflections on Indian politicscby M.M. Sankhdher aNew DelhibKumar Brothersc1973 a407p. aIndia --Politics and government --1947-